長崎県の市町村(1960年) - Statistics

General Stats
  • This quiz has been taken 47 times
  • The average score is 66 of 84
Answer Stats
No. 市町村 備考 % Correct
2 佐世保市
94%
5 大村市
94%
1 長崎市
90%
4 諫早市
90%
3 島原市
87%
8 松浦市
87%
45 南高来郡 口之津町 2006年消滅
87%
7 平戸市
84%
11 西彼杵郡 伊王島村 1962年昇格
84%
17 西彼杵郡 長与村 1969年昇格
84%
18 西彼杵郡 時津町
84%
48 南高来郡 西有家町 2006年消滅
84%
62 北松浦郡 佐々町
84%
79 下県郡 厳原町 2004年消滅
84%
83 上県郡 上県町 2004年消滅
84%
6 福江市 2004年消滅
81%
10 西彼杵郡 香焼村 1961年昇格
81%
12 西彼杵郡 高島町 2005年消滅
81%
13 西彼杵郡 野母崎町 2005年消滅
81%
14 西彼杵郡 三和町 2005年消滅
81%
22 西彼杵郡 西海村 1969年昇格
81%
29 東彼杵郡 東彼杵町
81%
30 東彼杵郡 川棚町
81%
31 東彼杵郡 波佐見町
81%
34 北高来郡 高来町 2005年消滅
81%
37 南高来郡 国見町 2005年消滅
81%
42 南高来郡 小浜町 2005年消滅
81%
44 南高来郡 加津佐町 2006年消滅
81%
46 南高来郡 南有馬町 2006年消滅
81%
55 北松浦郡 宇久町 2006年消滅
81%
56 北松浦郡 田平町 2005年消滅
81%
69 南松浦郡 奈留町 2004年消滅
81%
72 南松浦郡 新魚目町 2004年消滅
81%
80 下県郡 美津島町 2004年消滅
81%
84 上県郡 上対馬町 2004年消滅
81%
9 西彼杵郡 茂木町 1962年消滅
77%
16 西彼杵郡 多良見村 1965年昇格
77%
19 西彼杵郡 琴海村 1969年昇格
77%
23 西彼杵郡 大島町 2005年消滅
77%
24 西彼杵郡 崎戸町 2005年消滅
77%
25 西彼杵郡 大瀬戸町 2005年消滅
77%
35 北高来郡 小長井村 1966年昇格
77%
40 南高来郡 愛野町 2005年消滅
77%
41 南高来郡 千々石町 2005年消滅
77%
43 南高来郡 南串山村 1969年昇格
77%
47 南高来郡 北有馬村 1969年昇格
77%
49 南高来郡 有家町 2006年消滅
77%
51 南高来郡 深江村 1962年昇格
77%
52 北松浦郡 大島村 2005年消滅
77%
54 北松浦郡 小値賀町
77%
57 北松浦郡 福島町 2006年消滅
77%
58 北松浦郡 鷹島村 1975年昇格
77%
60 北松浦郡 鹿町町 2010年消滅
77%
61 北松浦郡 小佐々町 2006年消滅
77%
65 南松浦郡 富江町 2004年消滅
77%
68 南松浦郡 岐宿町 2004年消滅
77%
70 南松浦郡 若松町 2004年消滅
77%
74 南松浦郡 奈良尾町 2004年消滅
77%
75 壱岐郡 郷ノ浦町 2004年消滅
77%
76 壱岐郡 勝本町 2004年消滅
77%
77 壱岐郡 芦辺町 2004年消滅
77%
78 壱岐郡 石田村 1970年昇格
77%
81 下県郡 豊玉村 1975年昇格
77%
82 上県郡 峰村 1976年昇格
77%
15 西彼杵郡 東長崎町 1963年消滅
74%
26 西彼杵郡 外海町 2005年消滅
74%
28 西彼杵郡 式見村 1962年消滅
74%
32 北高来郡 森山村 1969年昇格
74%
33 北高来郡 飯盛村 1965年昇格
74%
36 南高来郡 有明村 1961年昇格
74%
38 南高来郡 瑞穂村 1969年昇格
74%
39 南高来郡 吾妻村 1963年昇格
74%
50 南高来郡 布津村 1969年昇格
74%
53 北松浦郡 生月町 2005年消滅
74%
63 北松浦郡 吉井町 2005年消滅
74%
64 北松浦郡 世知原町 2005年消滅
74%
66 南松浦郡 玉之浦町 2004年消滅
74%
67 南松浦郡 三井楽町 2004年消滅
74%
71 南松浦郡 上五島町 2004年消滅
74%
73 南松浦郡 有川町 2004年消滅
74%
27 西彼杵郡 三重村 1973年消滅
71%
59 北松浦郡 江迎町 2010年消滅
71%
20 西彼杵郡 亀岳村 1961年消滅
68%
21 西彼杵郡 大串村 1961年消滅
61%
No matching quizzes found
Score Distribution
Percent of People with Each Score
Percentile by Number Answered
Your Score History
You have not taken this quiz